Balancing The Wisdom Tree: (Record no. 203315)

MARC details
000 -LEADER
fixed length control field 00544nam a22001697a 4500
005 - DATE AND TIME OF LATEST TRANSACTION
control field 20240528144826.0
010 ## - LCCN (DPL NO)
LC control number ENG-140523
020 ## - INTERNATIONAL STANDARD BOOK NUMBER
International Standard Book Number 9789354093081
Terms of availability 1550.00
035 ## - SYSTEM CONTROL NUMBER
System control number EN-124055
037 ## - SOURCE OF ACQUISITION
Source of stock number/acquisition DBAD/PUB
082 ## - DEWEY DECIMAL CLASSIFICATION NUMBER
Classification number 888.8
245 00 - TITLE STATEMENT
Title Balancing The Wisdom Tree:
Remainder of title Anthology Of FTII,S Women Alumni/
260 ## - PUBLICATION, DISTRIBUTION, ETC. (IMPRINT)
Place of publication, distribution, etc New Delhi
Name of publisher, distributor, etc Ministry Of Information And Broadcasting- GOI
Date of publication, distribution, etc 2021
270 ## - ADDRESS
Address Soochna Bhawan, CGO Complex, Lodhi Road,
City New Delhi
300 ## - PHYSICAL DESCRIPTION
Extent 429,pages :
Dimensions 30(hb)
942 ## - ADDED ENTRY ELEMENTS (KOHA)
Source of classification or shelving scheme Dewey Decimal Classification
Item type English Books
Classification part 888.8
Call number suffix BAL
Holdings
Withdrawn status Lost status Not for loan Collection code Home library Current library Date acquired Source of acquisition Cost, normal purchase price Full call number Barcode Copy number Cost, replacement price Koha item type
    Not For Loan Reference Ashok Vihar Ashok Vihar 28/05/2024 DBAD 1550.00 888.8 BAL EN-124055 1 1550.00 English Books

© Delhi Public Library
Hit Counter
free hit counter